Estatísticas para Malásia

Clique aqui para jogar o quiz

Estatísticas Gerais

  • Esse quiz foi jogado 6 vezes
  • A pontuação média é 6 de 15

Estatísticas das Respostas

HintResposta% Correto
Onde fica?Ásia
100%
Qual é a sua capital?Kuala Lumpur
100%
Qual é a sua religião?Islamismo
80%
De que país é independente?Reino Unido
80%
Qual é o desporto mais popular?Futebol
60%
Qual é o seu idioma?Malaio
60%
Qual é o seu animal nacional?Tigre malaio
60%
Qual é o seu código ISO?MYS
20%
Qual é a sua flor nacional?Flor de hibisco
0%
Que famoso designer de sapatos de luxo nasceu no país?Jimmy Choo
0%
Como se chama a sua dança típica?Joget
0%
Qual é o seu ponto mais alto?Monte Kinabalu
0%
Qual é o seu prato típico?Nasi lemak
0%
Como se chamam as torres gémeas do país?Petronas Towers
0%
Qual é a sua moeda?Ringgit
0%

Distribuição das Pontuações

Percentil de Números Respondidos

Porcentagem de Pessoas com Cada Pontuação

Sua Pontuação Histórica

Você não jogou esse quiz